| 000 | 00741cam a22002295a 4500 | ||
|---|---|---|---|
| 001 | L141935 | ||
| 008 | 080115e20040430xxk f 000 0 eng d | ||
| 035 | _a(Sirsi) u141935 | ||
| 041 | 0 | _aeng | |
| 050 | 0 | 4 | _a333.332 $2 18 |
| 110 | 2 |
_aRoyal Institution of Chartered Surveyors _94900 |
|
| 240 | _aRed book | ||
| 245 | 0 | 0 |
_aRICS appraisal and valuation standards _bAmendment 4 (dated 30 April 2004) |
| 260 |
_aLondon _bRICS _c2004 |
||
| 300 |
_a86p. _c30cm. |
||
| 490 | 0 |
_aRICS Appraisal and Valuation Standards _vAmendment 4 |
|
| 520 | _aAmendment four effective from 31 May 2004. | ||
| 650 | 2 | 4 | _aRICS appraisal and valuation standards |
| 651 | 4 | _aInternational | |
| 690 | _aPROPERTY-PROPERTY APPRAISAL AND VALUATION | ||
| 942 | _n0 | ||
| 999 |
_c107803 _d107803 |
||